| 000 | 00497nam a2200181Ia 4500 | ||
|---|---|---|---|
| 008 | 240925s9999 xx 000 0 und d | ||
| 020 | _a471509965 | ||
| 082 | _a520 ZEI | ||
| 100 | _aMichael , Zeilik | ||
| 245 | 0 | _aConceptual Astronomy: a journey of ideals | |
| 250 | _aNA | ||
| 260 |
_aNew York: _bJohn Wiley & Sons _c,1993. |
||
| 300 |
_a412p. _bNA _fPhotocopy |
||
| 500 | _aIncludes Index | ||
| 600 | _aHumanities & Natural Science | ||
| 650 | _aAstronomy and allied sciences | ||
| 942 | _cBK | ||
| 999 |
_c3066 _d3066 |
||